|
|
|
|
| LEADER |
00790nam a2200205 a 4500 |
| 001 |
00021095 |
| 008 |
101003m20071998ii a b 001 0 eng d |
| 020 |
|
|
|a 8131708381
|
| 040 |
|
|
|a DB-DhAAL
|c DB-DhAAL
|
| 082 |
0 |
0 |
|a 001.64/25
|2 21
|
| 100 |
1 |
|
|a Hunter, Robin
|
| 245 |
1 |
0 |
|a The essence of compilers /
|c Robin Hunter
|
| 260 |
|
|
|a New Delhi :
|b Pearson Education,
|c c1998.[impression 2007]
|
| 300 |
|
|
|a x, 237 p. :
|b ill. ;
|c 24 cm.
|
| 504 |
|
|
|a Includes bibliographical references and index.
|
| 541 |
1 |
|
|e 00021095
|
| 650 |
|
0 |
|a Compilers (Computer programs)
|
| 852 |
4 |
|
|a Ayesha Abed Library
|j General Shelf.
|
| 999 |
|
|
|c 9611
|d 9611
|
| 952 |
|
|
|0 0
|1 0
|2 ddc
|4 0
|6 001_642500000000000_HUN_2007
|7 0
|9 12229
|a BRACUL
|b BRACUL
|c GEN
|d 2010-10-03
|l 2
|o 001.6425 HUN
|p 3010021095
|r 2025-12-15
|s 2025-12-11
|t 1
|w 2010-10-03
|y BK
|